[Event "London Lloyds"]
[Site "London"]
[Date "1993.??.??"]
[Round "5"]
[White "Short, Nigel D"]
[Black "Martin, Benjamin"]
[Result "1-0"]
[WhiteElo "2665"]
[BlackElo "2410"]

1.e4 c6 2.d4 d5 3.e5 Bf5 4.Nf3 e6 5.Be2 h6 6.O-O Ne7 7.a3 Nd7 8.Nbd2 Ng6
9.Re1 Be7 10.Nf1 Nh4 11.Nxh4 Bxh4 12.Ng3 Bxg3 13.hxg3 O-O 14.Be3 f6 15.exf6 Nxf6
16.g4 Bh7 17.f3 Nd7 18.Bf1 Qh4 19.Qd2 Qe7 20.c3 Nf6 21.Bf4 Rae8 22.Bg3 Nd7
23.Re3 g5 24.Rae1 Rf6 25.c4 Nb6 26.c5 Nd7 27.b4 a6 28.a4  1-0

[Event "Amber-rapid 2nd"]
[Site "Monte Carlo"]
[Date "1993.??.??"]
[Round "2"]
[White "Ljubojevic, Ljubomir"]
[Black "Short, Nigel D"]
[Result "1-0"]
[WhiteElo "2605"]
[BlackElo "2655"]

1.e4 e6 2.d4 d5 3.e5 c5 4.c3 Nc6 5.Nf3 Bd7 6.Be2 Nge7 7.Na3 cxd4 8.cxd4 Nf5
9.Nc2 Rc8 10.O-O Be7 11.Bd2 O-O 12.Bc3 f6 13.Qd2 fxe5 14.dxe5 a6 15.a4 Be8
16.b4 Bh5 17.b5 Bxf3 18.Bxf3 Bg5 19.Qd3 Nce7 20.bxa6 bxa6 21.Be2 Rc4 22.Bd2 Ng6
23.Bb4 Nf4 24.Qd1 Rxc2 25.Qxc2 Nd4 26.Qd1 Ndxe2+ 27.Kh1 Be7 28.Bxe7 Qxe7
29.g3 Nc3 30.Qc2 Nfe2 31.Rae1 Qf7 32.f3 Qd7 33.Rxe2 Nxe2 34.Qxe2 Qxa4 35.Kg2 Rc8
36.Rf2 h6 37.h4 Rc1 38.h5 Rb1 39.Qc2 Qxc2 40.Rxc2 a5 41.Rc8+ Kf7 42.Rc7+ Kf8
43.Rc8+ Ke7 44.Rc7+ Kd8 45.Rxg7 Rb2+ 46.Kf1 a4 47.Ra7 Ra2 48.g4 a3 49.f4 d4
50.g5 hxg5 51.fxg5 Kc8 52.g6 Kb8 53.Ra4  1-0

[Event "Amber-blind 2nd"]
[Site "Monte Carlo"]
[Date "1993.??.??"]
[Round "2"]
[White "Short, Nigel D"]
[Black "Ljubojevic, Ljubomir"]
[Result "1-0"]
[WhiteElo "2655"]
[BlackElo "2605"]

1.e4 e5 2.Nf3 Nc6 3.Bb5 a6 4.Ba4 Nf6 5.O-O Be7 6.Re1 b5 7.Bb3 O-O 8.c3 d6
9.a4 b4 10.h3 Rb8 11.a5 Be6 12.Bxe6 fxe6 13.d4 exd4 14.cxd4 Rb5 15.Nbd2 Nxa5
16.Nb3 Nxb3 17.Qxb3 Qc8 18.Ng5 d5 19.exd5 Nxd5 20.Nxe6 Rf7 21.Bg5 Bd6 22.Re4 h6
23.Bh4 Kh8 24.Rae1 Qd7 25.Qd3 Nf6 26.R4e2 Rh5 27.Bxf6 Rxf6 28.Qxa6 Qb5 29.Qc8+ Kh7
30.Nxc7 Qc4 31.Qe8 Rg5 32.Ne6 Rxg2+ 33.Kxg2 Qd5+ 34.Re4 Rg6+ 35.Kf3 Rf6+
36.Kg2 Rg6+ 37.Qxg6+ Kxg6 38.Re3 Kh7 39.b3 Qf5 40.Rg4 g5 41.Rge4 Qd5 42.Kg1 Qf5
43.Nd8 Qd5 44.Ne6 Kg6 45.h4 Kf6 46.hxg5+ hxg5 47.Rg4 Bf4 48.Nxf4 Qf5 49.Nh5+ Kg6
50.Rgg3 Kxh5 51.Re5 Qb1+ 52.Kg2 Kh6 53.Rexg5 Qe4+ 54.Kh2 Qf4 55.Kg1 Qxd4
56.Rg6+ Kh5 57.R3g5+ Kh4 58.Rg4+ Qxg4+ 59.Rxg4+ Kxg4 60.Kf1 Kf3 61.Ke1 Ke4
62.Ke2 Kd4 63.f4  1-0

[Event "Amber-blind 2nd"]
[Site "Monte Carlo"]
[Date "1993.??.??"]
[Round "5"]
[White "Short, Nigel D"]
[Black "Piket, Jeroen"]
[Result "1/2-1/2"]
[WhiteElo "2655"]
[BlackElo "2245"]

1.e4 e5 2.Nc3 Nf6 3.Bc4 Nc6 4.d3 Bb4 5.Nf3 d6 6.O-O Bxc3 7.bxc3 Na5 8.Bb3 Nxb3
9.axb3 Bg4 10.c4 Nd7 11.h3 Bh5 12.Be3 a6 13.g4 Bg6 14.Kg2 h5 15.Qe2 Qe7 16.Nd2 Nf8
17.b4 Ne6 18.Rg1 Kd7 19.c3 hxg4 20.hxg4 Rh4 21.Kf1 Rah8 22.Ke1 Rh1 23.Nf3 Qf6
24.Kd2 R1h3 25.Rg3 Nf4 26.Qf1 Rh1 27.Qxh1 Rxh1 28.Rxh1 Nxd3 29.Bg5 Qe6 30.Kxd3 d5
31.Nd2 Bxe4+ 32.Nxe4 dxe4+ 33.Kc2 Qxc4 34.Rd1+ Kc6 35.Bc1 a5 36.bxa5 Qa4+
37.Kd2 Qxa5 38.Ke1 f6 39.Bd2 g6 40.Rh3 Qd5 41.Rh6 Qf7 42.Be3 b6 43.c4 Kb7
44.c5 b5 45.Rc1 Kc6 46.Kf1 b4 47.Kg2 b3 48.Rb1 Qg8 49.Rb2 Kb5 50.Rh1 Qe6
51.Kh3 f5 52.Rhb1 Kc6 53.Rxb3 Qc4 54.Kh4 Qe2 55.gxf5 Qh5+ 56.Kg3 gxf5 57.Kg2 f4
58.Kf1 Qh1+ 59.Ke2 Qf3+ 60.Ke1 fxe3 61.fxe3 Qg3+ 62.Ke2 Qg2+ 63.Ke1 Qg3+
64.Ke2 Qf3+ 65.Ke1 Kxc5 66.Rc3+ Kd6 67.Rd1+ Ke6 68.Rdc1 c5 69.R1c2 Qh1+ 70.Kd2 Qf1
71.Rc1 Qf2+ 72.Kd1 c4 73.R1c2 Qf1+ 74.Kd2 Kf5 75.Rb2 Qf2+ 76.Kc1 Qe1+ 77.Kc2 Kg4
78.Rb4 Qe2+ 79.Kc1 Qe1+ 80.Kc2 Qe2+  1/2-1/2

[Event "Amber-rapid 2nd"]
[Site "Monte Carlo"]
[Date "1993.??.??"]
[Round "5"]
[White "Piket, Jeroen"]
[Black "Short, Nigel D"]
[Result "1-0"]
[WhiteElo "2245"]
[BlackElo "2655"]

1.d4 e6 2.Nf3 f5 3.Bf4 Nf6 4.e3 g6 5.c4 d6 6.Nc3 Bg7 7.h3 O-O 8.Be2 Qe7 9.Qb3 b6
10.O-O Bb7 11.Rfd1 Nc6 12.Rac1 Kh8 13.Qa3 Ne4 14.Bh2 Nxc3 15.Rxc3 a5 16.Rc2 g5
17.Rcd2 f4 18.c5 Nb4 19.cxd6 cxd6 20.exf4 gxf4 21.Ne1 Rac8 22.Bf3 Bh6 23.Qb3 Ba6
24.a3 Bc4 25.Qa4 Nd5 26.Rc2 b5 27.Qxa5 Ra8 28.Qd2 Bb3 29.Qe2 Qd7 30.Kh1 Rae8
31.Bg1 Rg8 32.Be4 Bxc2 33.Bxc2 Ref8 34.Qf3 Ne7 35.Qh5 Rf6 36.Nf3 Nc8 37.Bh2 Nb6
38.Bd3 Nc4 39.Re1 Nxb2 40.Qxb5 Qxb5 41.Bxb5 Rc8 42.a4 d5 43.Ne5 Nc4 44.Ng4 Rg6
45.Nxh6 Rxh6 46.Bxf4 Rg6 47.g3 Na5 48.Bd7 Rc2 49.Bxe6 Nc4 50.Bxd5 Ra6 51.Re7 Rxa4
52.Bh6  1-0

[Event "Amber-rapid 2nd"]
[Site "Monte Carlo"]
[Date "1993.??.??"]
[Round "9"]
[White "Karpov, Anatoly"]
[Black "Short, Nigel D"]
[Result "1/2-1/2"]
[WhiteElo "2725"]
[BlackElo "2655"]

1.d4 Nf6 2.c4 e6 3.Nf3 d5 4.Nc3 Be7 5.Bg5 h6 6.Bh4 O-O 7.e3 b6 8.Be2 Bb7
9.Bxf6 Bxf6 10.cxd5 exd5 11.b4 c6 12.O-O Re8 13.Qb3 a5 14.bxa5 Rxa5 15.a4 Nd7
16.Rfe1 g6 17.e4 c5 18.Nxd5 cxd4 19.Bb5 Nc5 20.Nxf6+ Qxf6 21.Qb4 Rxe4 22.Rxe4 Bxe4
23.Nxd4 Ra8 24.Qc3 Rd8 25.Ne2 Qg5 26.Ng3 Bb7 27.a5 h5 28.h4 Qxh4 29.axb6 Qg5
30.Bf1 h4 31.Ne2 Nd3 32.Ra5 Qg4 33.Qf6 Rd7 34.Rg5 Qb4 35.Nc3 Rd6 36.Qe7 Qxb6
37.Bxd3 Rxd3 38.Rb5 Qe6 39.Qxe6 fxe6 40.Rxb7 Rxc3 41.Rb4  1/2-1/2

[Event "Amber-blind 2nd"]
[Site "Monte Carlo"]
[Date "1993.??.??"]
[Round "11"]
[White "Short, Nigel D"]
[Black "Kortschnoj, Viktor"]
[Result "1/2-1/2"]
[WhiteElo "2655"]
[BlackElo "2605"]

1.e4 c6 2.d4 d5 3.e5 Bf5 4.Nf3 e6 5.Be2 c5 6.O-O Nc6 7.c3 cxd4 8.cxd4 Bb4
9.a3 Ba5 10.b4 Bb6 11.Bb2 Nge7 12.Nbd2 Be4 13.Re1 O-O 14.Bf1 Bg6 15.h3 Rc8
16.Rc1 Nf5 17.Nb3 Nh4 18.Nh2 f6 19.exf6 Qxf6 20.Ng4 Qf7 21.Qd2 h5 22.Rxc6 bxc6
23.Ne5 Qe8 24.Nc5 Bxc5 25.dxc5 Qe7 26.Bd4 Be4 27.f3 Bh7 28.Be3 Rf5 29.Ba6 Rxe5
30.Bxc8 Qc7 31.Ba6 Nf5 32.Bf2 Rxe1+ 33.Qxe1 e5 34.g4 hxg4 35.hxg4 Nh6 36.Bg3 Nf7
37.Kg2 Qe7 38.Qe3 g5 39.Be2 Kg7 40.a4 d4 41.Qd2 d3 42.Bd1 e4  1/2-1/2

[Event "Garmisch"]
[Site "Garmisch"]
[Date "1994.??.??"]
[Round "1"]
[White "Short, Nigel D"]
[Black "Hug, Werner"]
[Result "1/2-1/2"]
[WhiteElo "2665"]
[BlackElo "2445"]

1.e4 e6 2.d4 d5 3.Nc3 Bb4 4.e5 c5 5.a3 Ba5 6.dxc5 Bxc3+ 7.bxc3 Qc7 8.Nf3 Nd7
9.Bb5 Ne7 10.O-O O-O 11.Bxd7 Bxd7 12.Be3 Nf5 13.Re1 b6 14.cxb6 axb6 15.Nd4 Qxe5
16.Bg5 Qc7 17.Nxf5 exf5 18.Qxd5 b5 19.Re3 Ra4 20.Qe5 Qxe5 21.Rxe5 Rc8  1/2-1/2

[Event "Garmisch"]
[Site "Garmisch"]
[Date "1994.??.??"]
[Round "8"]
[White "Bischoff, Klaus"]
[Black "Short, Nigel D"]
[Result "1/2-1/2"]
[WhiteElo "2525"]
[BlackElo "2665"]

1.c4 e5 2.Nc3 Nf6 3.Nf3 Nc6 4.g3 Bb4 5.Bg2 O-O 6.O-O d6 7.Nd5 Bc5 8.e3 a6
9.d3 Ba7 10.Nc3 h6 11.a3 Be6 12.b4 Qd7 13.Bb2 Rae8 14.Rc1 Ne7 15.Re1 Ng6
16.Nd2 c6 17.Nce4 Nxe4 18.dxe4 f5 19.exf5 Bxf5 20.Ne4 Bb8 21.Qe2 Bh3 22.Red1 Bxg2
23.Kxg2 Qe6 24.Rd2 Ne7 25.Rcd1 Nf5 26.h3 Re7 27.a4 Ref7 28.b5 axb5 29.axb5 Bc7
30.bxc6 bxc6 31.Ba3 c5 32.Bc1 Ra8 33.Ra2 Rxa2 34.Qxa2 Qg6 35.Qa8+ Kh7 36.Kh2 Ne7
37.Kg1 d5 38.Nxc5 e4 39.Qa2 Rf3 40.cxd5 Bxg3 41.fxg3 Rxg3+ 42.Kh2 Rf3 43.Qg2 Qd6+
44.Kh1 Qxc5 45.d6 Qh5 46.Kh2 Qe5+ 47.Kh1 Qh5 48.Kh2  1/2-1/2

[Event "Garmisch"]
[Site "Garmisch"]
[Date "1994.??.??"]
[Round "11"]
[White "Short, Nigel D"]
[Black "Kindermann, Stefan"]
[Result "0-1"]
[WhiteElo "2665"]
[BlackElo "2560"]

1.e4 e6 2.d4 d5 3.Nc3 Bb4 4.e5 c5 5.a3 Bxc3+ 6.bxc3 Ne7 7.Qg4 O-O 8.Bd3 f5
9.exf6 Rxf6 10.Qh5 h6 11.h4 Nbc6 12.Bg5 Rf8 13.Nf3 c4 14.Bg6 Qa5 15.Kd2 Nf5
16.Bxf5 Rxf5 17.Qe8+ Rf8 18.Qg6 e5 19.Bxh6 Qc7 20.Be3 Bf5 21.Qg3 Rae8 22.h5 Qa5
23.Nxe5 Rxe5 24.dxe5 d4 25.Bg5 dxc3+ 26.Qxc3 Qd5+ 27.Kc1 Qxg2 28.Kb2 Qxg5
29.h6 g6 30.h7+ Kh8 31.Rad1 Be6 32.Rd6 Re8 33.Re1 Qf5 34.Qe3 Re7 35.f4 Rxh7
36.Re2 Rh3 37.Qc5 c3+ 38.Kc1 Qxf4+ 39.Kd1 Rh1+  0-1

[Event "Moscow ol (Men)"]
[Site "Moscow"]
[Date "1994.??.??"]
[Round "10"]
[White "Short, Nigel D"]
[Black "Malisauskas, Vidmantas"]
[Result "1-0"]
[WhiteElo "2665"]
[BlackElo "2510"]

1.e4 c6 2.d4 d5 3.e5 Bf5 4.Nf3 e6 5.Be2 c5 6.Be3 cxd4 7.Nxd4 Bg6 8.O-O Nc6
9.c4 Nge7 10.Nc3 Nxd4 11.Bxd4 dxc4 12.Nb5 Nc6 13.Bxc4 Nxd4 14.Nxd4 Bc5 15.Qa4+ Ke7
16.Nb3 Qb6 17.Rac1 Rhc8 18.Be2 Kf8 19.Rxc5 Rxc5 20.Qa3  1-0

[Event "Elenite"]
[Site "Elenite"]
[Date "1995.??.??"]
[Round "6"]
[White "Short, Nigel D"]
[Black "Dolmatov, Sergey"]
[Result "0-1"]
[WhiteElo "2645"]
[BlackElo "2615"]

1.e4 e6 2.d4 d5 3.Nc3 Bb4 4.e5 c5 5.a3 Bxc3+ 6.bxc3 Ne7 7.Nf3 Qa5 8.Bd2 Nbc6
9.Qb1 Qc7 10.Be2 Bd7 11.O-O f6 12.exf6 gxf6 13.dxc5 e5 14.Qb2 O-O-O 15.Rfb1 Be6
16.a4 Na5 17.c4 Nec6 18.cxd5 Bxd5 19.Qc3 Qd7 20.Be1 Rhg8 21.g3 Bxf3 22.Bxf3 Nd4
23.Bd1 Nac6 24.a5 a6 25.Qe3 Qf5 26.f3 h5 27.Bf2 Qh7 28.Rb2 Ne6 29.Be2 Nf4
30.Bc4 h4 31.Bxg8 Rxg8 32.g4 f5 33.Rab1 fxg4 34.Rxb7 Qg6 35.Qb3 gxf3+ 36.Kf1 Qg2+
37.Ke1 Qh1+ 38.Kd2 Rd8+ 39.Kc3 Nd5+ 40.Kb2 Qxh2 41.Ka1 e4 42.Bd4 Qf4 43.Ra7 Qb8
44.Qxb8+ Nxb8 45.Ra8 Kc7 46.Be5+ Kc6 47.Bxb8 Nc7 48.Rb6+ Kd5 49.Bxc7 Rxa8
50.Rd6+ Kc4 51.Re6 Rf8 52.Rxe4+ Kc3 53.Kb1 f2 54.Be5+ Kd2 55.Rf4 Rxf4  0-1

[Event "Elenite"]
[Site "Elenite"]
[Date "1995.??.??"]
[Round "8"]
[White "Short, Nigel D"]
[Black "Kolev, Atanas"]
[Result "1-0"]
[WhiteElo "2645"]
[BlackElo "2500"]

1.e4 c5 2.Nc3 d6 3.f4 g6 4.Nf3 Bg7 5.Bc4 e6 6.d4 cxd4 7.Nxd4 Ne7 8.Bb3 O-O
9.O-O Nbc6 10.Be3 Na5 11.Qd3 a6 12.Rad1 b5 13.a3 Rb8 14.Nde2 d5 15.f5 exf5
16.exd5 Nxb3 17.cxb3 Bb7 18.Nf4 Qd7 19.Bd4 Bh6 20.Bf6 Qd6 21.Qd4 Rbd8 22.Be5 Qd7
23.Qb6 Bg5 24.Bc7 Bc8 25.d6 Nc6 26.Nh3 Bf6 27.Nd5 Kg7 28.Nxf6 Kxf6 29.Rc1 Ne5
30.Qd4 Rde8 31.Rc5 Bb7 32.Nf2  1-0

[Event "Isle of Lewis"]
[Site "Isle of Lewis"]
[Date "1995.??.??"]
[Round "3"]
[White "Short, Nigel D"]
[Black "Motwani, Paul"]
[Result "1-0"]
[WhiteElo "2655"]
[BlackElo "2510"]

1.e4 e5 2.Nf3 Nc6 3.Bb5 a6 4.Ba4 Nf6 5.O-O Nxe4 6.d4 b5 7.Bb3 d5 8.dxe5 Be6
9.c3 Be7 10.Nbd2 Qd7 11.Re1 Nc5 12.Bc2 d4 13.Nb3 dxc3 14.Qxd7+ Bxd7 15.bxc3 Na4
16.Bd2 Nd8 17.Nbd4 g6 18.Bxa4 bxa4 19.Bg5 Ne6 20.Bf6 Bxf6 21.exf6 O-O-O 22.Nc2 Rhe8
23.Ne5 Nf4 24.g3 Nd5 25.Nxf7 Rxe1+ 26.Rxe1 Rf8 27.Ne5 Rxf6 28.c4 Ne7 29.c5 Nc6
30.f4 Nxe5 31.Rxe5 Re6 32.a3 Rxe5 33.fxe5 Be6 34.Nd4 Kd7 35.Kf2 Bd5 36.Ke3 Ke7
37.Kf4 h6 38.h4 Ba2 39.Ke4 Bb3 40.h5 Kf7 41.e6+ Kf6 42.hxg6 Ba2 43.g7 Kxg7
44.Ke5 Bb3 45.Nf5+ Kg6 46.Nd6  1-0

[Event "Isle of Lewis"]
[Site "Isle of Lewis"]
[Date "1995.??.??"]
[Round "5"]
[White "Motwani, Paul"]
[Black "Short, Nigel D"]
[Result "0-1"]
[WhiteElo "2510"]
[BlackElo "2655"]

1.e4 c5 2.Nf3 d6 3.Bc4 Nf6 4.Qe2 Nc6 5.c3 Bg4 6.d3 e6 7.Nbd2 Be7 8.h3 Bh5
9.Bb5 Nd7 10.Nc4 Qc7 11.g4 Bg6 12.Bg5 f6 13.Bd2 a6 14.Bxc6 Qxc6 15.Ne3 b5
16.b3 d5 17.exd5 exd5 18.Nf5 Bxf5 19.gxf5 O-O 20.Qe6+ Qxe6+ 21.fxe6 Ne5 22.Ke2 Rfe8
23.d4 Nxf3 24.Kxf3 cxd4 25.cxd4 Ba3 26.Rae1 Rac8 27.Ba5 Rc6 28.Re3 Rexe6
29.Rhe1 Kf7 30.b4 Rxe3+ 31.fxe3 Rc3 32.Rb1 Ke6 33.Bb6 Bc1 34.Rb3 Rxb3 35.axb3 Kf5  0-1

[Event "Madrid"]
[Site "Madrid"]
[Date "1995.??.??"]
[Round "1"]
[White "Short, Nigel D"]
[Black "San Segundo, Pablo"]
[Result "1/2-1/2"]
[WhiteElo "2655"]
[BlackElo "2480"]

1.e4 c5 2.Nf3 e6 3.c3 Nf6 4.e5 Nd5 5.d4 cxd4 6.cxd4 d6 7.Bc4 Nc6 8.O-O Nb6
9.Bd3 Nb4 10.Be2 dxe5 11.Nxe5 Be7 12.Nc3 O-O 13.a3 N4d5 14.Bd3 Bd7 15.Re1 Bc6
16.Nxc6 bxc6 17.Ne4 Nf6 18.Qc2 h6 19.Be3 Nxe4 20.Bxe4 Rc8 21.Rad1 Nd5 22.Bc1 Nf6
23.Bf3 Qc7 24.g3 Bd6 25.Qa4 Rfd8 26.Bd2 Qd7 27.Rc1 Nd5 28.Qa6 Be7 29.Ba5 Re8
30.Rc4 Bf6 31.Rec1 Rb8 32.b4 Ne7 33.Bxc6 Nxc6 34.Qxc6 Qxc6 35.Rxc6 Bxd4 36.a4 Rb7
37.b5 Ree7 38.Kf1 Red7 39.R1c4 g5 40.h3 Rd5 41.Rc8+ Kh7 42.Rd8 Rxd8 43.Bxd8 Rd7
44.Bc7 Bb6 45.Bxb6 axb6 46.Ke2 Kg6 47.Ke3 Rd1 48.Rc7 h5 49.Ra7 Ra1 50.Kd4 h4
51.gxh4  1/2-1/2

[Event "Madrid"]
[Site "Madrid"]
[Date "1995.??.??"]
[Round "4"]
[White "Kortschnoj, Viktor"]
[Black "Short, Nigel D"]
[Result "1-0"]
[WhiteElo "2635"]
[BlackElo "2655"]

1.d4 Nf6 2.c4 e6 3.Nc3 Bb4 4.e3 b6 5.Ne2 Ba6 6.Ng3 c5 7.d5 O-O 8.e4 Re8 9.f3 d6
10.Be2 exd5 11.cxd5 Bxe2 12.Nxe2 b5 13.O-O a6 14.a4 Nbd7 15.axb5 Qb6 16.bxa6 Rxa6
17.Rxa6 Qxa6 18.Ng3 Ne5 19.Bg5 Nfd7 20.f4 Nc4 21.Qe2 f6 22.Bh4 Bxc3 23.bxc3 Qa4
24.Rb1 Ncb6 25.h3 g6 26.Qg4 Qc2 27.Rxb6 Nxb6 28.Bxf6 Kf7 29.Qh4 h6 30.f5 Rg8
31.Bd8 Qd1+ 32.Kh2 g5 33.Qxh6 Rxd8 34.f6 Rg8 35.Qh7+ Kxf6 36.Qxg8  1-0

[Event "Madrid"]
[Site "Madrid"]
[Date "1995.??.??"]
[Round "6"]
[White "Jussupow, Artur"]
[Black "Short, Nigel D"]
[Result "1/2-1/2"]
[WhiteElo "2660"]
[BlackElo "2655"]

1.d4 Nf6 2.c4 e6 3.Nc3 d5 4.Nf3 Be7 5.Bg5 h6 6.Bh4 O-O 7.Rc1 b6 8.cxd5 Nxd5
9.Nxd5 exd5 10.Bxe7 Qxe7 11.g3 Re8 12.Bg2 Ba6 13.e3 c5 14.Qa4 Rc8 15.Ne5 Qe6
16.Rc3 cxd4 17.Qxd4 Nd7 18.Bxd5 Qxe5 19.Bxa8 Rxa8 20.Qxd7 Qe4 21.Rg1 Qb1+
22.Qd1 Qxb2 23.Qd2 Qa1+ 24.Rc1 Qf6 25.Qd4 Qf3 26.Qd1 Qf6 27.Qd4 Qf3  1/2-1/2

[Event "Moscow PCA-Intel qual"]
[Site "Moscow"]
[Date "1995.??.??"]
[Round "1"]
[White "Short, Nigel D"]
[Black "Burmakin, Vladimir"]
[Result "0-1"]
[WhiteElo "2655"]
[BlackElo "2555"]

1.e4 c6 2.d4 d5 3.e5 Bf5 4.Nf3 e6 5.Be2 c5 6.Be3 Qb6 7.Nc3 Nc6 8.O-O c4 9.Nh4 Bg6
10.Rb1 Be7 11.Nxg6 hxg6 12.Qd2 Qa5 13.a3 a6 14.f4 b5 15.Bf3 Rd8 16.g4 Nh6
17.Qg2 Qb6 18.Rbd1 Rd7 19.Ne2 Qd8 20.Ng3 Bh4 21.c3 Qe7 22.Rd2 Qf8 23.Bd1 Qg8
24.h3 Bxg3 25.Qxg3 Qh7 26.Bc2 Ng8 27.Rh2 Qh4 28.Qxh4 Rxh4 29.f5 gxf5 30.gxf5 exf5
31.Bxf5 Ra7 32.Bg5 Rh5 33.h4 Nge7 34.Bg4 Rh8 35.Rhf2 Nd8 36.h5 a5 37.Kg2 Rb7
38.Kg3 Rg8 39.Bh3 b4 40.axb4 axb4 41.Bg2 bxc3 42.bxc3 Rb3 43.Bxe7 Rxc3+ 44.Kg4 Kxe7
45.Bxd5 Rd3 46.Rf4 c3 47.Bc4 Rd2 48.d5 Rh8 49.d6+ Kd7 50.Bxf7 c2 51.Bb3 Rg2+
52.Kf3 Rh2 53.Rc1 Rh3+ 54.Ke4  0-1

[Event "EU-ch Rapid-30'"]
[Site "Cap d`Agde"]
[Date "1996.??.??"]
[Round "?"]
[White "Short, Nigel D"]
[Black "Glek, Igor V"]
[Result "0-1"]
[WhiteElo "2695"]
[BlackElo "2670"]

1.e4 e6 2.d4 d5 3.e5 c5 4.c3 Nc6 5.Nf3 Nh6 6.dxc5 Bxc5 7.Bxh6 gxh6 8.Bd3 f6
9.exf6 Qxf6 10.O-O O-O 11.Bc2 Rf7 12.Nbd2 Bd7 13.Nb3 Bb6 14.Qe2 e5 15.Rad1 e4
16.Ne1 Raf8 17.Rxd5 Qxf2+ 18.Rxf2 Rxf2 19.Qxf2 Bxf2+ 20.Kf1 Bb6+ 21.Ke2 Bg4+
22.Kd2 Rf2+ 23.Kc1 Be3+ 24.Nd2 Re2 25.Bb3 Rxe1+ 26.Kc2 Bd1+ 27.Kb1 Bxb3+  0-1

[Event "EU-ch Rapid-30'"]
[Site "Cap d`Agde"]
[Date "1996.??.??"]
[Round "?"]
[White "Akopian, Vladimir"]
[Black "Short, Nigel D"]
[Result "1-0"]
[WhiteElo "2630"]
[BlackElo "2695"]

1.d4 e6 2.e4 d5 3.Nd2 Nf6 4.e5 Nfd7 5.c3 c5 6.Bd3 b6 7.Nh3 Ba6 8.Bxa6 Nxa6
9.O-O b5 10.Qg4 Nb6 11.Nf3 Qd7 12.dxc5 Nxc5 13.Nf4 g6 14.Be3 Nc4 15.Bxc5 Bxc5
16.b3 Nb6 17.Nd4 a6 18.Rad1 O-O-O 19.Nd3 Qc7 20.Nb4 Kb7 21.Ndc6 Rc8 22.Na5+ Ka7
23.Nbc6+ Ka8 24.a4 bxa4 25.Qe2 Nd7 26.Ra1 Ba7 27.Rxa4 Nc5 28.Ra3 Qb6 29.b4 Ne4
30.Nxa7 Kxa7 31.c4 Qxb4 32.Rfa1 Rc7 33.Rb3 Qd2 34.Qf1 Nc3 35.c5 Ne2+ 36.Kh1 Rxc5
37.Rb7+ Ka8 38.Nb3 Qc2 39.Nxc5 Qxc5 40.Rb2  1-0

[Event "EU-ch Rapid-30'"]
[Site "Cap d`Agde"]
[Date "1996.??.??"]
[Round "?"]
[White "Glek, Igor V"]
[Black "Short, Nigel D"]
[Result "1-0"]
[WhiteElo "2670"]
[BlackElo "2695"]

1.e4 c5 2.Nf3 e6 3.d3 Nc6 4.g3 g6 5.Bg5 Qc7 6.Bg2 Bg7 7.c3 Nge7 8.O-O d5
9.Na3 O-O 10.Re1 h6 11.exd5 Nxd5 12.Bd2 b6 13.Qc1 Kh7 14.Re4 f6 15.d4 cxd4
16.Nb5 Qd7 17.Nbxd4 Nxd4 18.Rxd4 b5 19.a4 Bb7 20.axb5 e5 21.Rh4 g5 22.Rha4 f5
23.Rxa7 Rxa7 24.Rxa7 e4 25.Nd4 Bxd4 26.cxd4 Rc8 27.Qa1 Qxb5 28.Bf1 Qc6 29.Qa6 Rc7
30.Qxc6 Bxc6 31.Ra5 Rb7 32.b4 Nxb4 33.Rc5 Bd7 34.Bxb4 Rxb4 35.Rc7 Rxd4 36.Bb5 Kg6
37.Rxd7 Rxd7 38.Bxd7 f4 39.g4 Kf6 40.Kf1 Ke5 41.Ke2 Kd4 42.Kd2 Kc4 43.Bf5 Kd4
44.Bg6 Ke5 45.Kc3 e3 46.fxe3 fxe3 47.Bd3 h5 48.h3 Kf4 49.Be2 h4 50.Kd4 Kg3
51.Kxe3 Kxh3 52.Ke4 Kg3 53.Kf5 h3 54.Ba6  1-0

[Event "EU-ch Rapid-30'"]
[Site "Cap d`Agde"]
[Date "1996.??.??"]
[Round "?"]
[White "Hansen, Curt"]
[Black "Short, Nigel D"]
[Result "1/2-1/2"]
[WhiteElo "2595"]
[BlackElo "2695"]

1.d4 e6 2.c4 b6 3.a3 f5 4.Nc3 Nf6 5.g3 c6 6.Bg2 d5 7.Nf3 Be7 8.Bg5 O-O 9.O-O Bb7
10.Rc1 h6 11.Bxf6 Bxf6 12.e3 Nd7 13.cxd5 exd5 14.b4 a6 15.Ne2 g5 16.Qd3 Bg7
17.a4 Qe7 18.Qb3 a5 19.b5 c5 20.Nd2 Qf7 21.Qa2 Rab8 22.dxc5 Nxc5 23.Rc2 Rbd8
24.Nf3 f4 25.gxf4 gxf4 26.Nxf4 d4 27.Nxd4 Bxg2 28.Nxg2 Bxd4 29.exd4 Rxd4
30.Qxf7+ Rxf7 31.Ne3 Rxa4 32.Nd5 Nd7 33.Rc6 Kh7 34.Nxb6 Rg4+ 35.Kh1 Ne5 36.Rd6 Nf3
37.Rd7 Kg7 38.Rb1 a4 39.h3 Re4 40.Rxf7+ Kxf7 41.Ra1 Rb4 42.Rxa4 Rxb5 43.Rf4+ Kg6
44.Nc4 Ne5 45.Nxe5+ Rxe5 46.Kg2 Re1 47.Rf8 Kg7 48.Ra8 Kg6 49.Ra5 Kf6  1/2-1/2

[Event "Jakarta m"]
[Site "Jakarta"]
[Date "1996.??.??"]
[Round "1"]
[White "Short, Nigel D"]
[Black "Adianto, Utut"]
[Result "1-0"]
[WhiteElo "2665"]
[BlackElo "2610"]

1.e4 c6 2.d4 d5 3.e5 Bf5 4.Nf3 e6 5.Be2 c5 6.O-O Nc6 7.c3 cxd4 8.cxd4 Nge7
9.a3 Be4 10.Nbd2 Qb6 11.b4 Nf5 12.Bb2 Be7 13.Re1 Rd8 14.Bf1 a5 15.Nxe4 dxe4
16.Rxe4 axb4 17.axb4 Bxb4 18.Rb1 Qa5 19.h4 O-O 20.Bd3 Rd7 21.Rf4 g6 22.h5 Rfd8
23.hxg6 hxg6 24.Bxf5 exf5 25.Rh4 Be7 26.Rh3 Bf8 27.e6 fxe6 28.d5 Bg7 29.Bxg7 Rxg7
30.Qc1 Qxd5 31.Qh6 Kf7 32.Ng5+ Kf6 33.Qh4 b5 34.Nh7+ Kf7 35.Qf6+ Kg8 36.Ng5 Ne5
37.Qxe6+ Qxe6 38.Nxe6 Rd2 39.Nxg7 Kxg7 40.Rc3 Nd3 41.Rc7+ Kf6 42.Rd7 b4 43.Kh2 Rb2
44.Rxb2 Nxb2 45.Rd2 Nc4 46.Rd4 Ne5 47.Rxb4 Nd3 48.Rb6+ Kg5 49.f3 f4 50.Rb5+ Kf6
51.Kh3 Nf2+ 52.Kh4 Nd1 53.Rb3 Ne3 54.g4 Ng2+ 55.Kh3 Ne1 56.Kh2 Ke5 57.Kg1 Kd4
58.Rb4+  1-0

[Event "Jakarta m"]
[Site "Jakarta"]
[Date "1996.??.??"]
[Round "3"]
[White "Short, Nigel D"]
[Black "Adianto, Utut"]
[Result "1/2-1/2"]
[WhiteElo "2655"]
[BlackElo "2610"]

1.e4 c6 2.d4 d5 3.e5 Bf5 4.Nf3 e6 5.a3 Nd7 6.Be2 Ne7 7.O-O c5 8.dxc5 Nxc5
9.b4 Nd7 10.Bb2 Rc8 11.Bd3 Bxd3 12.cxd3 g6 13.Nbd2 Bh6 14.h3 O-O 15.Re1 Qb6
16.Nb3 Nc6 17.Bc1 Bg7 18.Be3 Qa6 19.Nc5 Nxc5 20.Bxc5 Rfe8 21.a4 Nb8 22.Qd2 b6
23.Bd6 Nd7 24.Nd4 Qb7 25.f4 a6 26.Re2 Bf8 27.Bxf8 Nxf8 28.Qb2 Qe7 29.Kh2 Rc7
30.b5 axb5 31.axb5 Nd7 32.Nc6 Qf8 33.d4 Nb8 34.Rc2 Rec8 35.Rac1 Qe8 36.Nxb8 Rxc2
37.Rxc2 Rxc2 38.Qxc2 Qxb8 39.g4 Qf8 40.Qc7 Qb4 41.Qd8+  1/2-1/2

[Event "Jakarta m"]
[Site "Jakarta"]
[Date "1996.??.??"]
[Round "4"]
[White "Adianto, Utut"]
[Black "Short, Nigel D"]
[Result "1/2-1/2"]
[WhiteElo "2610"]
[BlackElo "2655"]

1.d4 Nf6 2.c4 e6 3.Nf3 d5 4.g3 Bb4+ 5.Bd2 a5 6.Qc2 c5 7.Bxb4 axb4 8.dxc5 Nc6
9.Bg2 Ra5 10.cxd5 Qxd5 11.O-O Rxc5 12.Qd2 O-O 13.Qxd5 exd5 14.Nbd2 Rc2 15.Rab1 Bf5
16.Rfc1 Ra8 17.Rxc2 Bxc2 18.Rc1 Ba4 19.e3 Bb5 20.Nb3 Rxa2 21.Nbd4 Ba6 22.Ne5 g6
23.Nexc6 bxc6 24.h3 Bb7 25.Nxc6 Bxc6 26.Rxc6 Ne4 27.Bxe4  1/2-1/2

[Event "Jakarta m"]
[Site "Jakarta"]
[Date "1996.??.??"]
[Round "6"]
[White "Adianto, Utut"]
[Black "Short, Nigel D"]
[Result "1/2-1/2"]
[WhiteElo "2610"]
[BlackElo "2655"]

1.d4 Nf6 2.c4 e6 3.Nf3 b6 4.g3 Ba6 5.b3 Bb4+ 6.Bd2 Bxd2+ 7.Qxd2 c6 8.Bg2 d5
9.O-O O-O 10.Qb4 Bb7 11.Nbd2 c5 12.Qa3 Nbd7 13.Rfd1 a5 14.Ne5 cxd4 15.Nxd7 Qxd7
16.Nf3 Rfd8 17.Rxd4 Rac8 18.Rad1 Qc7 19.cxd5 Rxd5 20.Ne1 Rxd4 21.Rxd4 Bxg2
22.Kxg2 e5 23.Rc4 Qb7+ 24.Nf3 Rxc4 25.bxc4 Qc7 26.Qb2 Nd7 27.Qb5 Kf8 28.Qd5 h6
29.Nd2 Ke7 30.Ne4 f5 31.Nc3 Nf6 32.Qb5 Kd6 33.Qb3 Qc6+ 34.f3 e4 35.Qd1+ Ke6
36.Qd4 exf3+  1/2-1/2

[Event "EU-chT (Men)"]
[Site "Pula"]
[Date "1997.??.??"]
[Round "5"]
[White "Short, Nigel D"]
[Black "Lalic, Bogdan"]
[Result "1-0"]
[WhiteElo "2690"]
[BlackElo "2585"]

1.e4 e5 2.Nf3 Nc6 3.Bb5 a6 4.Ba4 Nf6 5.O-O b5 6.Bb3 Bc5 7.a4 Bb7 8.d3 d6
9.Nc3 Na5 10.Ba2 b4 11.Ne2 d5 12.Nxe5 O-O 13.d4 Bd6 14.exd5 Nxd5 15.Nf4 b3
16.cxb3 Nb4 17.Bd2 Nac6 18.Bc3 Nxa2 19.Rxa2 Qg5 20.Nh3 Qf5 21.Qd3 Qxd3 22.Nxd3 Rab8
23.Ng5 Rfe8 24.Raa1 f6 25.Nf3 Bc8 26.Nd2 Be6 27.Rfe1 Kf7 28.Rac1 Bxb3 29.Rxe8 Kxe8
30.Nxb3 Rxb3 31.Kf1 Kd7 32.Ke2 Ke6 33.Rd1 Ne7 34.Kd2 Kd5 35.Kc2 Rb8 36.Nc5 Bxc5
37.dxc5+ Kc6 38.Re1 Nd5 39.Re6+ Kxc5 40.Rxa6 Nb4+ 41.Bxb4+ Rxb4 42.b3 Re4
43.Ra5+ Kb6 44.Rb5+ Ka6 45.Kd3 Re1 46.Rf5 c6 47.h4 Kb6 48.h5 Rh1 49.b4 Kc7
50.a5 Kb7 51.Kd4 Kc7 52.g3 Rb1 53.Kc3 Rh1 54.b5 cxb5 55.Rxb5 Ra1 56.Rf5 Rh1
57.Kd2 Kd7 58.a6 Kc7 59.Rb5 g6 60.Rb7+ Kc6 61.h6 Rxh6 62.Rb8  1-0

[Event "Calcutta Goodricke op"]
[Site "Calcutta"]
[Date "1998.02.07"]
[Round "2"]
[White "Prakash, G B."]
[Black "Short, Nigel D"]
[Result "0-1"]
[WhiteElo "2425"]
[BlackElo "2660"]

1.d4 Nf6 2.Nf3 e6 3.c4 b6 4.e3 Bb7 5.Bd3 d5 6.O-O dxc4 7.Bxc4 a6 8.b3 Nbd7
9.Bb2 Be7 10.Nbd2 O-O 11.Qe2 c5 12.a4 Qb8 13.Rfd1 Rd8 14.dxc5 Bxc5 15.Bd3 h6
16.Nc4 Bd5 17.Nfe5 Qb7 18.Nxd7 Rxd7 19.Bxf6 gxf6 20.e4 Bc6 21.Qg4+ Kh7 22.Bc2 Rg8
23.Qf4 Rg6 24.Rxd7 Bxd7 25.Rd1 e5 26.Qh4 Qc7 27.Bb1 Be6 28.Rc1 Bd4 29.Rc2 Qe7
30.Re2 Qb4 31.Bc2 Bg4  0-1